| 000 | 00355 a2200145 4500 | ||
|---|---|---|---|
| 001 | 162480 | ||
| 020 | _a | ||
| 040 | _cMagnum | ||
| 100 | _aRegina, Tia. | ||
| 240 | 1 | 0 |
_aA danca dos tangaras - o peixe de olhos de fogo _lpor |
| 245 | 1 | 0 | _aA danca dos tangaras - o peixe de olhos de fogo |
| 362 | 0 | _a1899 | |
| 697 | _aIJ/LENDAS, FOLCLORE | ||
| 942 | _cBK | ||
| 999 |
_c162480 _d162480 |
||